| 000 | 00395cam a2200145ua 4500 | ||
|---|---|---|---|
| 003 | OSt | ||
| 008 | 241231b |||||||| |||| 00| 0 eng d | ||
| 041 | _aeng | ||
| 082 |
_a621.367 _bABH/RE |
||
| 100 |
_aAbhimanyu Kumar, Bir . _96670 |
||
| 245 | _aRemote sensing and GIS for natural resource maangement / | ||
| 260 |
_aDelhi : _bAcademic Excellence , _c2007. |
||
| 300 | _a275 ; . | ||
| 942 | _cBK | ||
| 999 |
_c13226 _d13226 |
||